[Event "Koszalin"]
[Site "?"]
[Date "1999.??.??"]
[Round "?"]
[White "Tregubov, P."]
[Black "Tukmakov, V."]
[Result "1/2-1/2"]
[WhiteElo "2605"]
[BlackElo "2555"]
[PlyCount "91"]
[EventDate "1999.??.??"]
[Source "Chess Informant"]
[SourceDate "1999.06.01"]

1. d4 Nf6 2. Nf3 d5 3. c4 e6 4. Nc3 dxc4 5. Qa4+ Nbd7 6. e4 a6 7. Bxc4 Rb8 8. Qc2 b5 9. Bd3 Bb7 10. Bf4 Rc8 11. Rd1 c5 12. dxc5 Bxc5 13. Qe2 Nh5 14. Bc1 Qc7 15. O-O O-O 16. e5 Bxf3 17. Qxf3 g6 18. Be2 Nxe5 19. Qh3 Ng7 20. Bf4 f6 21. a4 bxa4 22. Bxa6 Ra8 23. Bb5 a3 24. Rd7 Qxd7 25. Bxd7 Nxd7 26. Qd3 Rf7 27. bxa3 Rxa3 28. Qc4 g5 29. Bc1 Ra8 30. Ne4 Be7 31. Qc6 Rd8 32. Rd1 Nf8 33. Rxd8 Bxd8 34. Ba3 f5 35. Nc5 Be7 36. h3 h6 37. Kf1 Kh7 38. Bb2 Bxc5 39. Qxc5 Ng6 40. Qd6 Rb7 41. Bc3 e5 42. Bxe5 Nxe5 43. Qxe5 Rb6 44. Kg1 Re6 45. Qd5 Kg6 46. Kh2 1/2-1/2

[Event "34th Olympiad, Istanbul TUR"]
[Site "?"]
[Date "2000.??.??"]
[Round "7"]
[White "Xu Jun"]
[Black "Villamayor, B."]
[Result "1/2-1/2"]
[WhiteElo "2665"]
[BlackElo "2495"]
[PlyCount "66"]
[EventDate "2000.??.??"]
[Source "www.chesslib.no"]
[SourceDate "2004.05.04"]

1. d4 d5 2. c4 dxc4 3. Nc3 Nf6 4. Nf3 e6 5. Bg5 h6 6. Bh4 Be7 7. e3 Nbd7 8. Qc2 a6 9. Bxc4 b5 10. Be2 c5 11. dxc5 Nxc5 12. O-O Bb7 13. Rfd1 Qb6 14. a4 b4 15. a5 Qc6 16. Nb1 Qe4 17. Qxe4 Nfxe4 18. Bxe7 Kxe7 19. Nd4 Rac8 20. f3 Nd6 21. Nd2 e5 22. Nc2 Nb3 23. Nxb3 Rxc2 24. Rd2 Rxd2 25. Nxd2 Rc8 26. Bd3 f5 27. Ra4 e4 28. fxe4 fxe4 29. Bb1 Rc1+ 30. Kf2 Rd1 31. Ke2 Rg1 32. Kf2 Rd1 33. Ke2 Rg1 1/2-1/2

[Event "Kusadasi TUR"]
[Site "?"]
[Date "2006.04.06"]
[Round "3"]
[White "Gurevich Mikhail"]
[Black "Bartel Mateusz"]
[Result "1/2-1/2"]
[WhiteElo "2633"]
[BlackElo "2524"]
[PlyCount "104"]
[EventDate "2006.??.??"]
[Source "www.chesslib.no"]
[SourceDate "2004.05.04"]

1. Nf3 Nf6 2. c4 e6 3. Nc3 d5 4. d4 dxc4 5. e3 a6 6. a4 b6 7. Bxc4 Bb7 8. O-O Bb4 9. Qe2 O-O 10. Rd1 Nbd7 11. Bd3 Qe7 12. e4 e5 13. d5 Nh5 14. g3 g6 15. Bg5 f6 16. Bh6 Ng7 17. Rac1 Bd6 18. Nh4 Nc5 19. Bc2 Rae8 20. Ng2 Bc8 21. Ne3 f5 22. Nc4 a5 23. Nxd6 cxd6 24. Rb1 f4 25. b4 f3 26. Qf1 axb4 27. Rxb4 Ba6 28. Qh3 Qc7 29. Nb5 Bxb5 30. Rxb5 Ra8 31. Rc1 Ra5 32. Rb4 Rfa8 33. Bd1 Qd8 34. Rc3 b5 35. Rxf3 bxa4 36. Ra3 Rb8 37. Bd2 Rab5 38. Rxb5 Rxb5 39. Bxa4 Rb1+ 40. Kg2 Nxe4 41. Be3 Nf5 42. Bc2 Rb4 43. Qg4 Qc8 44. Qd1 Nxe3+ 45. Rxe3 Nf6 46. Rf3 Kg7 47. Qd2 Qb7 48. Qg5 Qe7 49. Bb3 Rb7 50. h4 Ne4 51. Qe3 Nc5 52. Bc2 Rb8 1/2-1/2

[Event "CCOL10 fin 8893"]
[Site "CCOL10 fin 8893"]
[Date "1988.??.??"]
[Round "?"]
[White "Tirabassi, Maurizio"]
[Black "Korolev, Sergey Ivanovich"]
[Result "0-1"]
[WhiteElo "2540"]
[BlackElo "2615"]
[PlyCount "102"]
[EventDate "1988.??.??"]
[Source "www.chesslib.no"]
[SourceDate "2004.05.04"]

1. d4 d5 2. c4 dxc4 3. Nf3 Nf6 4. Nc3 Nc6 5. e4 Bg4 6. Be3 Bxf3 7. gxf3 e5 8. d5 Nb8 9. Bxc4 Nbd7 10. f4 Bd6 11. fxe5 Bxe5 12. f3 Nh5 13. Qd2 Qf6 14. O-O-O Qxf3 15. Rhf1 Qh3 16. d6 Nhf6 17. dxc7 O-O 18. Bf4 Rac8 19. Nd5 Nxd5 20. Bxd5 Rxc7+ 21. Kb1 h6 22. Rc1 Rxc1+ 23. Rxc1 b6 24. a3 Qh5 25. Rg1 Kh8 26. Qg2 Bd4 27. Rc1 Nf6 28. Bb3 Re8 29. Rc7 Nxe4 30. Rxf7 Bf6 31. Bc1 a5 32. a4 Nc5 33. Qc6 Qg6+ 34. Ka2 Rd8 35. Qxb6 Nxb3 36. Qxb3 Qe4 37. Rc7 Rd4 38. Rc8+ Kh7 39. Qc2 Rxa4+ 40. Kb1 Rb4 41. Qxe4+ Rxe4 42. Rc2 a4 43. Rg2 g5 44. Bd2 Kg6 45. Kc2 Be5 46. Bc3 Kf5 47. Bxe5 Rxe5 48. Kd3 Rb5 49. Rc2 Kg4 50. Ke2 Kh3 51. Kf1 Rd5 0-1

[Event "56th ch-RUS"]
[Site "Krasnoyarsk"]
[Date "2003.09.05"]
[Round "3"]
[White "Najer, Evgeniy"]
[Black "Bezgodov, Alexei"]
[Result "1-0"]
[WhiteElo "2608"]
[BlackElo "2542"]
[PlyCount "77"]
[EventDate "2003.09.03"]
[Source "Roberto Alvarez"]
[SourceDate "2003.09.15"]

1. d4 d5 2. c4 dxc4 3. Nf3 Nf6 4. Nc3 c5 5. d5 e6 6. e4 exd5 7. e5 Ne4 8. Qxd5 Nxc3 9. Qxd8+ Kxd8 10. bxc3 h6 11. Bxc4 Be6 12. Bxe6 fxe6 13. Nh4 Be7 14. Ng6 Re8 15. Be3 b6 16. h4 Nd7 17. h5 Nf8 18. Ke2 Kc7 19. a4 Nxg6 20. hxg6 Kc6 21. f4 Kd5 22. Kf3 Kc4 23. g4 Rad8 24. Rhd1 Rd5 25. Rxd5 exd5 26. f5 Bf8 27. Bf4 Kxc3 28. Rd1 d4 29. Ke4 Bd6 30. Rh1 d3 31. Rc1+ Kb2 32. Rd1 c4 33. Kd5 Bxe5 34. Bxe5+ Kc2 35. Rh1 d2 36. Bxg7 c3 37. Bxc3 Kxc3 38. g7 Kb4 39. Rd1 1-0

[Event "European Club Cup 2002"]
[Site "?"]
[Date "2002.09.23"]
[Round "2"]
[White "Portisch Lajos"]
[Black "Atalik Suat"]
[Result "0-1"]
[WhiteElo "2599"]
[BlackElo "2551"]
[PlyCount "100"]
[EventDate "2002.??.??"]
[Source "www.chesslib.no"]
[SourceDate "2004.05.04"]

1. d4 Nf6 2. c4 e6 3. Nf3 d5 4. Nc3 dxc4 5. Qa4+ Nbd7 6. e4 a6 7. Bxc4 Rb8 8. Bd3 b5 9. Qc2 Bb7 10. O-O c5 11. Bf4 Rc8 12. d5 c4 13. Be2 exd5 14. Rad1 Nc5 15. Bg5 Be7 16. Bxf6 Bxf6 17. Nxd5 O-O 18. e5 Bxd5 19. exf6 Be4 20. Rxd8 Bxc2 21. Rd2 Be4 22. fxg7 Rfd8 23. Rfd1 Rxd2 24. Rxd2 Na4 25. Ne1 Bb1 26. a3 c3 27. bxc3 Rxc3 28. Rd6 Rxa3 29. Rxa6 b4 30. Bc4 Nb2 31. Bb5 Rxa6 32. Bxa6 b3 33. Bb5 Be4 34. f3 Bg6 35. f4 Be4 36. Kf1 Nd1 37. Bd3 Bxd3+ 38. Nxd3 b2 39. Nxb2 Nxb2 40. Ke2 h5 41. Kf2 Kxg7 42. g3 Kf6 43. h3 Ke6 44. Ke3 Kd5 45. Kf3 Ke6 46. Ke3 Nc4+ 47. Kf3 Nb6 48. Ke4 f5+ 49. Kf3 Nd5 50. g4 h4 0-1

[Event "Graz zt"]
[Site "Graz"]
[Date "1993.??.??"]
[Round "8"]
[White "Lobron, Eric"]
[Black "Lau, Ralf"]
[Result "1/2-1/2"]
[WhiteElo "2620"]
[BlackElo "2530"]
[PlyCount "49"]
[EventDate "1993.03.??"]
[Source "ChessBase"]

1. d4 Nf6 2. c4 e6 3. Nf3 d5 4. Nc3 dxc4 5. Qa4+ Nbd7 6. Bg5 Be7 7. g3 a6 8. Qxc4 b5 9. Qd3 Bb7 10. Bg2 c5 11. dxc5 Nxc5 12. Qxd8+ Rxd8 13. Rc1 h6 14. Be3 Ng4 15. Bxc5 Bxc5 16. O-O Rc8 17. Rcd1 O-O 18. h3 Nf6 19. Ne5 Bxg2 20. Kxg2 Bb4 21. Nb1 Rc2 22. Nd3 Ba5 23. Kf3 Rfc8 24. Na3 R2c7 25. Nb1 1/2-1/2

[Event "Pamplona"]
[Site "?"]
[Date "1992.??.??"]
[Round "?"]
[White "Sokolov, I."]
[Black "Magem Badals, J."]
[Result "1-0"]
[WhiteElo "2625"]
[BlackElo "2510"]
[PlyCount "79"]
[EventDate "1992.??.??"]
[Source "ChessBase"]
[SourceDate "1992.10.01"]

1. d4 d5 2. c4 dxc4 3. Nc3 Nf6 4. Nf3 e6 5. e4 Bb4 6. e5 Ne4 7. Qc2 Qd5 8. Be2 b5 9. O-O Bxc3 10. bxc3 Bb7 11. a4 a6 12. Ba3 Nd7 13. Rfe1 f5 14. Nh4 O-O-O 15. f3 Ng5 16. Be7 Nf7 17. Bxd8 Nxd8 18. f4 Nb6 19. Bf3 Qd7 20. axb5 axb5 21. Bxb7+ Nxb7 22. Ra6 Qd5 23. Qb2 Kd7 24. Rb1 Kc6 25. Nf3 Ra8 26. Rxa8 Nxa8 27. Ne1 Nb6 28. Nc2 Kd7 29. Ne3 Qe4 30. Qxb5+ Kd8 31. Nxc4 Nxc4 32. Qxb7 Qe3+ 33. Kh1 Nd2 34. Qb8+ Kd7 35. Qb5+ Kd8 36. Ra1 Ke7 37. Qc5+ Kd7 38. Qf8 Ne4 39. Qf7+ Kc6 40. Qxe6+ 1-0

[Event "London"]
[Site "London"]
[Date "1984.??.??"]
[Round "?"]
[White "Miles, Anthony J"]
[Black "Seirawan, Yasser"]
[Result "1/2-1/2"]
[WhiteElo "2610"]
[BlackElo "2525"]
[PlyCount "43"]
[EventDate "1984.04.??"]
[Source "ChessBase"]

1. d4 d5 2. c4 dxc4 3. Nf3 Nf6 4. Nc3 c5 5. d5 e6 6. e4 exd5 7. e5 Nfd7 8. Bg5 Be7 9. Bxe7 Qxe7 10. Nxd5 Qd8 11. Bxc4 O-O 12. O-O Nc6 13. Re1 Nb6 14. Nxb6 axb6 15. Qe2 Qe7 16. a3 Be6 17. Bxe6 Qxe6 18. Qb5 Na7 19. Qa4 Nc6 20. Qe4 h6 21. Rad1 Rad8 22. h3 1/2-1/2

[Event "XXXIV Camp. israeliano"]
[Site "Haifa ISR"]
[Date "2008.12.02"]
[Round "2"]
[White "Postny, E."]
[Black "Nabaty, T."]
[Result "1-0"]
[WhiteElo "2674"]
[BlackElo "2456"]
[PlyCount "71"]
[EventDate "2008.12.01"]
[Source "www.chesslib.no"]
[SourceDate "2004.05.04"]

1. d4 d5 2. Nf3 c5 3. c4 dxc4 4. d5 Nf6 5. Nc3 e6 6. e4 exd5 7. e5 Ne4 8. Qxd5 Nxc3 9. Qxd8+ Kxd8 10. bxc3 Nc6 11. Bxc4 Be6 12. Bxe6 fxe6 13. Ng5 Ke7 14. f4 h6 15. Ne4 Kf7 16. Be3 b6 17. Rd1 Be7 18. Rd7 Ke8 19. Rd3 Kf7 20. Ke2 Rhd8 21. Rhd1 Rxd3 22. Rxd3 Rd8 23. Rxd8 Nxd8 24. g4 Nc6 25. Kd3 g6 26. Nd2 h5 27. gxh5 gxh5 28. Ke4 b5 29. f5 exf5+ 30. Kxf5 a5 31. e6+ Kg7 32. Ke4 b4 33. Kd5 Nd8 34. c4 Kf6 35. Ne4+ Kf5 36. Bxc5 1-0

[Event "Szirak"]
[Site "?"]
[Date "1986.??.??"]
[Round "?"]
[White "Adorjan, A."]
[Black "Nogueiras, J."]
[Result "1/2-1/2"]
[WhiteElo "2560"]
[BlackElo "2570"]
[PlyCount "21"]
[EventDate "1986.??.??"]
[Source "ChessBase"]
[SourceDate "1986.07.01"]

1. d4 d5 2. c4 e6 3. Nf3 Nf6 4. Nc3 dxc4 5. Bg5 a6 6. e3 b5 7. a4 c6 8. Bxf6 gxf6 9. axb5 cxb5 10. Nxb5 axb5 11. Rxa8 1/2-1/2

[Event "Dortmund op-A"]
[Site "Dortmund GER"]
[Date "1993.??.??"]
[Round "9"]
[White "Malaniuk, Vladimir P"]
[Black "Lau, Ralf"]
[Result "1/2-1/2"]
[WhiteElo "2600"]
[BlackElo "2530"]
[PlyCount "80"]
[EventDate "1993.04.??"]
[Source "www.chesslib.no"]
[SourceDate "2004.05.04"]

1. d4 Nf6 2. c4 e6 3. Nf3 d5 4. Nc3 dxc4 5. Qa4+ Nbd7 6. e4 Be7 7. Bxc4 O-O 8. Qc2 c5 9. dxc5 Bxc5 10. O-O Qc7 11. Qe2 Ng4 12. Bb3 a6 13. h3 Nge5 14. Nxe5 Nxe5 15. Bf4 Bd6 16. Rac1 Qb8 17. Be3 Bd7 18. f4 Ng6 19. e5 Bc7 20. Ne4 Bb5 21. Bc4 Bxc4 22. Qxc4 Rc8 23. Qd3 b5 24. Rc6 Ba5 25. Rxc8+ Qxc8 26. Rc1 Qd8 27. Qxd8+ Bxd8 28. Rd1 Ne7 29. Rd7 Nd5 30. Kf2 Bc7 31. Nc3 Nxc3 32. bxc3 Ba5 33. Bd4 g5 34. fxg5 Rc8 35. Rd6 Bxc3 36. Bxc3 Rxc3 37. Rxa6 Rc5 38. h4 Rxe5 39. Kf3 Rc5 40. g4 Rc3+ 1/2-1/2

[Event "Yerevan ol (Men)"]
[Site "Yerevan"]
[Date "1996.??.??"]
[Round "3"]
[White "Lobron, Eric"]
[Black "Ricardi, Pablo"]
[Result "1-0"]
[WhiteElo "2585"]
[BlackElo "2535"]
[PlyCount "47"]
[EventDate "1996.09.??"]
[Source "www.chesslib.no"]
[SourceDate "2004.05.04"]

1. c4 Nf6 2. Nf3 e6 3. d4 d5 4. Nc3 dxc4 5. e4 c5 6. d5 exd5 7. e5 Nfd7 8. Bg5 Be7 9. Bxe7 Qxe7 10. Nxd5 Qd8 11. Bxc4 Nc6 12. O-O O-O 13. Re1 Nb6 14. Nxb6 axb6 15. h3 Be6 16. Qe2 Ra4 17. b3 Bxc4 18. bxc4 Nd4 19. Nxd4 Qxd4 20. Rab1 Rxc4 21. Rbd1 Qc3 22. e6 fxe6 23. Qxe6+ Kh8 24. Qf7 1-0

[Event "10. HIT Open A"]
[Site "?"]
[Date "2005.01.31"]
[Round "6"]
[White "Mihalcisin Adrian"]
[Black "Delchev Aleksander"]
[Result "1/2-1/2"]
[WhiteElo "2522"]
[BlackElo "2597"]
[PlyCount "63"]
[EventDate "2005.??.??"]
[Source "www.chesslib.no"]
[SourceDate "2004.05.04"]

1. Nf3 d5 2. d4 Nf6 3. c4 e6 4. Nc3 dxc4 5. e3 a6 6. a4 b6 7. Bxc4 Bb7 8. O-O Bb4 9. Qe2 O-O 10. Rd1 Nbd7 11. Ne5 Qe7 12. f4 Rfd8 13. Nd3 a5 14. Bd2 Bxc3 15. Bxc3 Ne4 16. Rac1 Nd6 17. Ba2 Nf6 18. Be1 Nfe4 19. Ne5 c5 20. Bb1 Qe8 21. dxc5 Nxc5 22. b4 axb4 23. Bxb4 Nde4 24. a5 Qa4 25. Qe1 Rxd1 26. Rxd1 bxa5 27. Bxc5 Nxc5 28. Bxh7+ Kxh7 29. Qh4+ Kg8 30. Rd8+ Rxd8 31. Qxd8+ Kh7 32. Qh4+ 1/2-1/2

[Event "Reggio Emilia 9798 40th"]
[Site "Reggio Emilia"]
[Date "1998.01.04"]
[Round "9"]
[White "Komarov, Dimitri"]
[Black "Godena, Michele"]
[Result "1/2-1/2"]
[WhiteElo "2600"]
[BlackElo "2515"]
[PlyCount "43"]
[EventDate "1997.12.26"]
[Source "ChessBase"]
[SourceDate "1998.04.09"]

1. d4 d5 2. Nf3 Nf6 3. c4 dxc4 4. Nc3 Nbd7 5. e4 Nb6 6. Bxc4 Nxc4 7. Qa4+ c6 8. Qxc4 Be6 9. Qe2 Bg4 10. Be3 e6 11. h3 Bxf3 12. Qxf3 Bb4 13. O-O Qa5 14. Qg3 O-O 15. e5 Ne8 16. Ne4 Qd5 17. Nf6+ Nxf6 18. exf6 g6 19. Bf4 Rfd8 20. Be5 Rd7 21. Qe3 Rad8 22. Rfc1 1/2-1/2

[Event "Wichern op"]
[Site "Hamburg"]
[Date "1995.??.??"]
[Round "8"]
[White "Giorgadze, Giorgi"]
[Black "Sher, Miron N"]
[Result "1/2-1/2"]
[WhiteElo "2605"]
[BlackElo "2510"]
[PlyCount "24"]
[EventDate "1995.09.??"]
[Source "www.chesslib.no"]
[SourceDate "2004.05.04"]

1. Nf3 d5 2. c4 e6 3. d4 Nf6 4. Nc3 dxc4 5. Qa4+ Nbd7 6. g3 a6 7. Bg2 Be7 8. O-O O-O 9. Qxc4 b5 10. Qd3 Bb7 11. b3 c5 12. dxc5 Nxc5 1/2-1/2

[Event "Bled ol (Men)"]
[Site "?"]
[Date "2002.11.08"]
[Round "13"]
[White "Johannessen Leif Erlend"]
[Black "Mamedyarov Shakhriyar"]
[Result "1-0"]
[WhiteElo "2534"]
[BlackElo "2580"]
[PlyCount "120"]
[EventDate "2002.??.??"]
[Source "www.chesslib.no"]
[SourceDate "2004.05.04"]

1. Nf3 d5 2. d4 c5 3. c4 dxc4 4. d5 Nf6 5. Nc3 e6 6. e4 exd5 7. e5 Nfd7 8. Bg5 Be7 9. Bxe7 Qxe7 10. Nxd5 Qd8 11. Bxc4 O-O 12. Qc2 Nb6 13. O-O-O Nxd5 14. Bxd5 Qe7 15. h4 h6 16. Rd2 Be6 17. Ng5 hxg5 18. hxg5 g6 19. Bxe6 Qxe6 20. Qe4 Qxa2 21. Qh4 Qa1+ 22. Kc2 Qxh1 23. Qxh1 Nc6 24. f4 Rfd8 25. Rxd8+ Rxd8 26. Kb1 Nb4 27. b3 Rd4 28. g3 Nd5 29. Qh3 Ne7 30. e6 c4 31. exf7+ Kxf7 32. Qh8 Re4 33. Qh1 Rd4 34. Qxb7 cxb3 35. Qxb3+ Rd5 36. g4 Ke6 37. Qe3+ Kd7 38. Qxa7+ Kd6 39. Kc2 Ke6 40. Qb6+ Kd7 41. Qf6 Rd6 42. Qf7 Rd5 43. Kc3 Kd6 44. Kc4 Ra5 45. Qf6+ Kd7 46. Qf7 Kd6 47. Kd4 Ra4+ 48. Kd3 Ra3+ 49. Ke2 Ra5 50. Qb3 Rd5 51. Ke3 Kd7 52. Ke4 Ra5 53. Qb4 Nc6 54. Qb7+ Kd6 55. f5 Ra4+ 56. Kf3 Ne5+ 57. Ke2 Rxg4 58. fxg6 Rxg5 59. g7 Nd7 60. Qe4 Ne5 1-0

[Event "Moscow Aeroflot op"]
[Site "Moscow"]
[Date "2002.02.07"]
[Round "5"]
[White "Filippov, Valerij"]
[Black "Ovetchkin, Roman"]
[Result "0-1"]
[WhiteElo "2625"]
[BlackElo "2483"]
[PlyCount "78"]
[EventDate "2002.02.04"]
[Source "ChessBase"]
[SourceDate "2002.03.21"]

1. Nf3 d5 2. d4 Nf6 3. c4 dxc4 4. Nc3 c5 5. d5 e6 6. e4 exd5 7. e5 Nfd7 8. Bg5 Be7 9. Bxe7 Qxe7 10. Nxd5 Qd8 11. Qc2 Nb6 12. O-O-O Nxd5 13. Bxc4 Qe7 14. Rxd5 Nc6 15. Rxc5 O-O 16. Qc3 Bf5 17. b3 Rac8 18. Kb2 Nb4 19. Rxc8 Rxc8 20. Rd1 Be6 21. Rd6 b5 22. Qxb4 bxc4 23. Rb6 Qd8 24. Rd6 Qc7 25. Qc3 Qc5 26. Rd2 Qb6 27. b4 a5 28. a3 axb4 29. axb4 Qb7 30. Nd4 Qxg2 31. f3 Qg1 32. Nc2 h6 33. Na3 Bf5 34. b5 Qc5 35. Rd6 Be6 36. Ra6 Rd8 37. Qa5 Qxe5+ 38. Qc3 Rd2+ 39. Nc2 Qxb5+ 0-1

[Event "8th WUCC"]
[Site "Instanbul"]
[Date "2004.09.10"]
[Round "7"]
[White "Ghaem Maghami, Ehsan"]
[Black "Khismatullin, Denis"]
[Result "0-1"]
[WhiteElo "2552"]
[BlackElo "2556"]
[PlyCount "136"]
[EventDate "2004.09.05"]
[Source "Roberto Alvarez"]
[SourceDate "2004.09.21"]

1. d4 d5 2. c4 dxc4 3. Nf3 Nf6 4. Nc3 a6 5. a4 e6 6. e4 Bb4 7. e5 Nd5 8. Bd2 Nc6 9. Bxc4 Nb6 10. Bd3 Nxd4 11. O-O Nc6 12. Qe2 Bd7 13. Rfd1 Qe7 14. Bg5 f6 15. Bh4 O-O-O 16. Ne4 Rhf8 17. Bc2 Kb8 18. Rac1 Nd5 19. Bg3 f5 20. Bh4 fxe4 21. Bxe4 Qe8 22. Bxd8 Nxd8 23. Qc4 Nc6 24. Qc2 Nce7 25. Bxd5 Nxd5 26. b3 Qg6 27. Qxg6 hxg6 28. Rc4 Be7 29. Rg4 Be8 30. Ng5 Bxg5 31. Rxg5 Rf5 32. Rxf5 gxf5 33. f3 c5 34. g4 fxg4 35. fxg4 Kc7 36. Kf2 Bg6 37. Rc1 Kc6 38. h4 Nf4 39. Ke3 Nd3 40. Rg1 Nxe5 41. h5 Be8 42. Kf4 Nd3+ 43. Ke4 Nb4 44. Rh1 Kd6 45. Kf4 Nd5+ 46. Kg3 Nf6 47. h6 gxh6 48. Rxh6 Ke5 49. g5 Ne4+ 50. Kg4 c4 51. bxc4 Bxa4 52. Rh1 Nxg5 53. Kxg5 Bc6 54. Kg4 Kd4 55. Kg3 e5 56. Rh5 a5 57. Kf2 a4 58. Ke2 e4 59. Kd2 Kxc4 60. Kc2 Kd4 61. Rh8 e3 62. Ra8 b5 63. Rd8+ Bd5 64. Rb8 Be4+ 65. Kc1 Bd3 66. Rd8+ Kc3 67. Rc8+ Bc4 68. Re8 e2 0-1

[Event "16. Dr Milan Vidmar Memorial"]
[Site "?"]
[Date "2005.07.14"]
[Round "6"]
[White "Beliavsky Alexander G"]
[Black "Borisek Jure"]
[Result "1-0"]
[WhiteElo "2599"]
[BlackElo "2509"]
[PlyCount "41"]
[EventDate "2005.??.??"]
[Source "www.chesslib.no"]
[SourceDate "2004.05.04"]

1. d4 d5 2. c4 dxc4 3. Nf3 Nf6 4. Nc3 c5 5. d5 e6 6. e4 exd5 7. e5 Ne4 8. Nxd5 b5 9. b3 Qa5+ 10. Nd2 Be6 11. bxc4 Nd7 12. Qf3 Bxd5 13. cxd5 Qc3 14. e6 Ndf6 15. Bxb5+ Ke7 16. O-O Qxf3 17. Nxf3 fxe6 18. dxe6 Nd6 19. Ba4 Kxe6 20. Re1+ Kf5 21. Bc2+ 1-0

[Event "Premier"]
[Site "Hastings ENG"]
[Date "2008.01.03"]
[Round "7"]
[White "Malakhatko, V."]
[Black "Lalic, B."]
[Result "1-0"]
[WhiteElo "2603"]
[BlackElo "2500"]
[PlyCount "61"]
[EventDate "2007.12.28"]
[Source "www.chesslib.no"]
[SourceDate "2004.05.04"]

1. d4 d5 2. c4 dxc4 3. Nf3 Nf6 4. Nc3 c5 5. d5 e6 6. e4 exd5 7. e5 Ne4 8. Nxd5 b5 9. b3 Be6 10. bxc4 Nc6 11. Bd3 Qa5+ 12. Nd2 Nc3 13. Nb3 Nxd1+ 14. Nxa5 Nxa5 15. Nc7+ Kd7 16. Nxa8 Nc3 17. Bd2 b4 18. Bxc3 bxc3 19. Rb1 Kc8 20. O-O Be7 21. Rfc1 Bg5 22. Rxc3 Bd2 23. Ra3 Rd8 24. Be2 Rd4 25. Rb5 Bxc4 26. Rxc5+ Kd8 27. Raxa5 Bxa5 28. Bxc4 Bb4 29. Rd5+ Rxd5 30. Bxd5 Kd7 31. Bxf7 1-0

[Event "RUS"]
[Site "?"]
[Date "2006.04.26"]
[Round "7"]
[White "Potkin Vladimir"]
[Black "Kharlov Andrei"]
[Result "1/2-1/2"]
[WhiteElo "2547"]
[BlackElo "2555"]
[PlyCount "115"]
[EventDate "2006.??.??"]
[Source "www.chesslib.no"]
[SourceDate "2004.05.04"]

1. d4 Nf6 2. c4 e6 3. Nf3 d5 4. Nc3 dxc4 5. e4 Bb4 6. Bxc4 Nxe4 7. O-O Nxc3 8. bxc3 Be7 9. Ne5 O-O 10. Qg4 Nc6 11. Bh6 Bf6 12. f4 Ne7 13. Rae1 c5 14. Bg5 Nf5 15. dxc5 Bxg5 16. fxg5 Qc7 17. c6 bxc6 18. Rf3 Ba6 19. Bxa6 Qb6+ 20. Kh1 Qxa6 21. Nd7 Qxa2 22. Nxf8 Rxf8 23. Rd3 Qa5 24. Red1 Ne7 25. c4 Nf5 26. Qf4 h6 27. gxh6 Nxh6 28. Rd7 Nf5 29. Qc7 Qa4 30. c5 Qe4 31. Rd8 g6 32. Rxf8+ Kxf8 33. Qxa7 e5 34. Qa2 Kg7 35. Qf2 Nd4 36. Rf1 Nf5 37. Re1 Qd5 38. Qe2 Kf6 39. Rf1 Ke6 40. Qf2 Qd4 41. Qa2+ Kf6 42. Qe2 Ke6 43. Qf3 Qd5 44. Qxd5+ cxd5 45. Kg1 Ne3 46. Rc1 Kd7 47. c6+ Kc7 48. Kf2 Nc4 49. Ra1 Kxc6 50. Ra7 Kd6 51. Rxf7 Ke6 52. Rg7 Kf5 53. g4+ Kxg4 54. Rxg6+ Kh3 55. Rh6+ Kg4 56. Rg6+ Kh3 57. Rh6+ Kg4 58. Rg6+ 1/2-1/2

[Event "Bundesliga 9798"]
[Site "Germany"]
[Date "1998.??.??"]
[Round "?.3"]
[White "Piket, Jeroen"]
[Black "Kraut, Rainer"]
[Result "1-0"]
[WhiteElo "2630"]
[BlackElo "2470"]
[PlyCount "51"]
[EventDate "1997.10.??"]
[Source "ChessBase"]
[SourceDate "1999.07.01"]

1. d4 d5 2. Nf3 Nf6 3. c4 dxc4 4. Nc3 Nc6 5. e4 Bg4 6. Be3 e6 7. Bxc4 Bb4 8. Qc2 O-O 9. Rd1 Qe7 10. Be2 Rfd8 11. O-O Ba5 12. Na4 Bb6 13. Nxb6 axb6 14. a3 Bh5 15. h3 Rd7 16. Rd2 Bg6 17. Bd3 b5 18. Ne5 Nxe5 19. dxe5 Rxd3 20. Qxd3 Nxe4 21. Qd7 Qf8 22. Rdd1 Qb8 23. Qxb5 c6 24. Qb6 h6 25. f4 Ng3 26. Rfe1 1-0

[Event "Nederland (ch)"]
[Site "?"]
[Date "1995.??.??"]
[Round "?"]
[White "Piket, Je"]
[Black "Riemersma, L."]
[Result "1-0"]
[WhiteElo "2670"]
[BlackElo "2430"]
[PlyCount "81"]
[EventDate "1995.??.??"]
[Source "ChessBase"]
[SourceDate "1995.06.01"]

1. d4 d5 2. c4 dxc4 3. Nf3 Nf6 4. Nc3 c5 5. d5 e6 6. e4 exd5 7. e5 Nfd7 8. Bg5 Be7 9. Bxe7 Qxe7 10. Nxd5 Qd8 11. Qc2 Nxe5 12. Qe4 Be6 13. Qxe5 Qxd5 14. Qxg7 Rf8 15. Rd1 Qe4+ 16. Be2 Nd7 17. Ng5 Qg6 18. Nxe6 Qxe6 19. Qg5 f6 20. Qh5+ Rf7 21. O-O O-O-O 22. Rd6 Qxd6 23. Qxf7 Ne5 24. Qxh7 Qd2 25. Qf5+ Kc7 26. Bxc4 Rd6 27. Be6 Qe2 28. Qh7+ Nd7 29. Bxd7 Rxd7 30. Qb1 Rd2 31. h4 Rxb2 32. Qh7+ Kb6 33. h5 c4 34. Qf7 Ka5 35. h6 c3 36. h7 c2 37. Qc7+ Ka6 38. h8=Q Rb1 39. Qxf6+ b6 40. Qc8+ Ka5 41. Qff5+ 1-0

[Event "Pamplona"]
[Site "Pamplona"]
[Date "1992.??.??"]
[Round "7"]
[White "Sokolov, Ivan"]
[Black "De la Villa Garcia, Jesus Maria"]
[Result "1/2-1/2"]
[WhiteElo "2625"]
[BlackElo "2475"]
[PlyCount "79"]
[EventDate "1992.12.??"]
[Source "ChessBase"]

1. d4 d5 2. c4 dxc4 3. Nc3 Nf6 4. Nf3 e6 5. Qa4+ Nbd7 6. g3 Be7 7. Bg2 O-O 8. Qxc4 a6 9. Qd3 Bd6 10. O-O e5 11. Bg5 exd4 12. Qxd4 h6 13. Bf4 Bxf4 14. Qxf4 Nc5 15. Rad1 Qe7 16. Nd4 Re8 17. Rfe1 c6 18. e4 Ne6 19. Nxe6 Bxe6 20. e5 Nh7 21. b3 Rad8 22. Ne4 Bc8 23. h4 Rxd1 24. Rxd1 g5 25. hxg5 hxg5 26. Qf3 Qxe5 27. Nd6 Rf8 28. Nxc8 Rxc8 29. Bh3 Re8 30. Rd7 Re7 31. Rxe7 Qxe7 32. Qf5 Kg7 33. Bf1 Qe6 34. Qc5 Qd5 35. Qe7 b5 36. Bg2 Qd1+ 37. Kh2 Qh5+ 38. Kg1 Qd1+ 39. Kh2 Qh5+ 40. Kg1 1/2-1/2

[Event "Pyramiden Franken Cup 5th"]
[Site "Fuerth"]
[Date "2002.09.03"]
[Round "4"]
[White "Schenk, Andreas"]
[Black "Landa, Konstantin"]
[Result "0-1"]
[WhiteElo "2477"]
[BlackElo "2621"]
[PlyCount "38"]
[EventDate "2002.08.31"]
[Source "ChessBase"]
[SourceDate "2002.11.06"]

1. d4 d5 2. c4 e6 3. Nf3 Nf6 4. Nc3 dxc4 5. Bg5 a6 6. e4 b5 7. a4 b4 8. Nb1 Bb7 9. e5 h6 10. Bh4 g5 11. Bg3 Ne4 12. Bxc4 g4 13. Bh4 Ng5 14. Nxg5 hxg5 15. Bg3 Bxg2 16. Rg1 Bf3 17. Qd3 Nc6 18. Nd2 Nxd4 19. Ne4 Bg7 0-1

[Event "Vidmar mem 15th"]
[Site "Terme Zrece"]
[Date "2003.08.18"]
[Round "1"]
[White "Mikhalchishin, Adrian"]
[Black "Sermek, Drazen"]
[Result "1/2-1/2"]
[WhiteElo "2518"]
[BlackElo "2577"]
[PlyCount "45"]
[EventDate "2003.08.17"]
[Source "ChessBase"]
[SourceDate "2003.11.11"]

1. d4 d5 2. c4 dxc4 3. Nf3 c5 4. d5 e6 5. Nc3 Nf6 6. e4 exd5 7. e5 Nfd7 8. Bg5 Be7 9. Bxe7 Qxe7 10. Nxd5 Qd8 11. Qc2 Nb6 12. O-O-O Nxd5 13. Bxc4 Qe7 14. Bxd5 O-O 15. h4 Na6 16. Ng5 g6 17. Qc4 Nc7 18. f4 Nxd5 19. Qxd5 Bf5 20. Ne4 Bxe4 21. Qxe4 Rad8 22. h5 Qe6 23. Kb1 1/2-1/2